书目信息 |
| 题名: |
单簧管演奏教学研究
|
|
| 作者: | 郭蒋帅 著 | |
| 分册: | ||
| 出版信息: | 北京 九州出版社 2020.8 |
|
| 页数: | 186页 | |
| 开本: | 24cm | |
| 丛书名: | ||
| 单 册: | ||
| 中图分类: | J621.46 | |
| 科图分类: | ||
| 主题词: | 单簧管--吹奏法--教学研究 | |
| 电子资源: | ||
| ISBN: | 978-7-5108-9306-3 | |
| 000 | 00877nam0 2200229 45 | |
| 001 | 012001001748 | |
| 005 | 20141011112235.0 | |
| 010 | @a978-7-5108-9306-3@dCNY48.00 | |
| 100 | @a20210114d2020 em y0chiy50 ea | |
| 101 | 0 | @achi |
| 102 | @aCN@b110000 | |
| 105 | @aa z 000yy | |
| 106 | @ar | |
| 200 | 1 | @a单簧管演奏教学研究@Adan huang guan yan zou jiao xue yan jiu@f郭蒋帅著 |
| 210 | @a北京@c九州出版社@d2020.8 | |
| 215 | @a186页@d24cm | |
| 330 | @a本书以单簧管演奏为研究主体,由单簧管的基本知识、中国单簧管艺术的历史发展、单簧管学习的注意事项、单簧管演奏中的吐音及循环呼吸技巧、单簧管演奏指法基本原理及应用情境、单簧管演奏教学的实践、单簧管演奏中的乐队形态演奏技巧等几部分组成。 | |
| 606 | 0 | @a单簧管@x吹奏法@x教学研究 |
| 690 | @aJ621.46@v5 | |
| 701 | 0 | @a郭蒋帅@Aguo jiang shuai@f(1986-)@4著 |
| 801 | 0 | @aCN@b江苏凤凰@c20211018 |
| 905 | @b1345563-6@dJ621.46@e555@f4 | |
| 单簧管演奏教学研究/郭蒋帅著.-北京:九州出版社,2020.8 |
| 186页;24cm |
| ISBN 978-7-5108-9306-3:CNY48.00 |
| 本书以单簧管演奏为研究主体,由单簧管的基本知识、中国单簧管艺术的历史发展、单簧管学习的注意事项、单簧管演奏中的吐音及循环呼吸技巧、单簧管演奏指法基本原理及应用情境、单簧管演奏教学的实践、单簧管演奏中的乐队形态演奏技巧等几部分组成。 |
| ● |
| 相关链接 |
|
|
|
|
正题名:单簧管演奏教学研究
索取号:J621.46/555
 
预约/预借
| 序号 | 登录号 | 条形码 | 馆藏地/架位号 | 状态 | 备注 |
| 1 | 1345563 | 213455633 | 第一样本阅览室/ [索取号:J621.46/555] | 在馆 | |
| 2 | 1345564 | 213455642 | 第一借阅区/ [索取号:J621.46/555] | 在馆 | |
| 3 | 1345565 | 213455651 | 第一借阅区/ [索取号:J621.46/555] | 在馆 | |
| 4 | 1345566 | 213455660 | 第一借阅区/ [索取号:J621.46/555] | 在馆 |